Online
Catalog

Dos ensayos especulativos sobre la violencia en Colombia / (Record no. 14096)

MARC details
000 -CABECERA
campo de control de longitud fija 01473cam a2200289 a 4500
001 - NÚMERO DE CONTROL
campo de control 000014507
005 - FECHA Y HORA DE LA ÚLTIMA TRANSACCIÓN
campo de control 20200929163849.0
008 - DATOS DE LONGITUD FIJA--INFORMACIÓN GENERAL
campo de control de longitud fija 950905s1995 ck a b 000 0 spa d
020 ## - NÚMERO INTERNACIONAL ESTÁNDAR DEL LIBRO
Número Internacional Estándar del Libro 9586015874
035 ## - NÚMERO DE CONTROL DEL SISTEMA
Número de control de sistema (DLC) 95199577
035 ## - NÚMERO DE CONTROL DEL SISTEMA
Número de control de sistema (OCoLC)32873272
040 ## - FUENTE DE LA CATALOGACIÓN
Centro catalogador/agencia de origen DO-SdBNP
Lengua de catalogación spa
Centro/agencia transcriptor BNPHU
Centro/agencia modificador DLC
082 ## - NÚMERO DE LA CLASIFICACIÓN DECIMAL DEWEY
Número de clasificación 303.69861
Número de documento/Ítem D285d
049 ## - FONDOS LOCALES (OCLC)
Fondos de biblioteca BNGR
100 1# - ENTRADA PRINCIPAL--NOMBRE DE PERSONA
Nombre de persona Deas, Malcolm D.,
Fechas asociadas al nombre 1941-
9 (RLIN) 31467
245 10 - MENCIÓN DE TÍTULO
Título Dos ensayos especulativos sobre la violencia en Colombia /
Mención de responsabilidad, etc. Malcolm Deas y Fernando Gaitán Daza ; traducido por Juan Manuel Pombo ; prólogo Armando Montenegro.
260 ## - PUBLICACIÓN, DISTRIBUCIÓN, ETC.
Lugar de publicación, distribución, etc. Colombia :
Nombre del editor, distribuidor, etc. Fondo Financiero de Proyectos de Desarrollo ;
-- Departamento Nacional de Planeación,
Fecha de publicación, distribución, etc. 1995.
300 ## - DESCRIPCIÓN FÍSICA
Extensión xxi, 415 p. :
Otras características físicas il. ;
Dimensiones 21 cm.
504 ## - NOTA DE BIBLIOGRAFÍA, ETC.
Nota de bibliografía, etc. Incluye referencias bibliográficas: (p. 407-415)
520 1# - SUMARIO, ETC.
Sumario, etc. "Dos libros-length 'ensayos' analizar la Violencia. Deas, historiador presenta una reflexión histórica y comparativa sobre la violencia política, mientras que el economista Gaitán Daza utiliza nuevos métodos para estudiar la violencia actual, y para refutar las teorías anteriores que trataron de explicar su alta incidencia "- Handbook of Latin American Studies, v. 58.
650 #4 - PUNTO DE ACCESO ADICIONAL DE MATERIA--TÉRMINO DE MATERIA
Término de materia o nombre geográfico como elemento de entrada Violencia
Subdivisión geográfica Colombia
9 (RLIN) 32756
650 #4 - PUNTO DE ACCESO ADICIONAL DE MATERIA--TÉRMINO DE MATERIA
Término de materia o nombre geográfico como elemento de entrada Ensayos colombianos
9 (RLIN) 14811
700 1# - PUNTO DE ACCESO ADICIONAL--NOMBRE DE PERSONA
Nombre de persona Gaitán Daza, Fernando,
9 (RLIN) 32757
700 1# - PUNTO DE ACCESO ADICIONAL--NOMBRE DE PERSONA
Nombre de persona Pombo, Juan Manuel,
Término indicativo de función/relación tr.
9 (RLIN) 32758
700 1# - PUNTO DE ACCESO ADICIONAL--NOMBRE DE PERSONA
Nombre de persona Montenegro, Armando,
Término indicativo de función/relación pról.
9 (RLIN) 32759
910 ## - DATOS DE OPCIÓN DEL USUARIO (OCLC)
Datos de opción del usuario Catalogación por copia / LC
Holdings
Estado de retiro Estado de pérdida Restricciones de uso No para préstamo Código de colección Localización permanente Ubicación/localización actual Ubicación en estantería Fecha de adquisición Número de inventario Total de préstamos Signatura topográfica completa Código de barras Fecha visto por última vez Precio válido a partir de Tipo de ítem Koha
      Excluido de préstamo Monografías: Libros y Folletos General General En catalogación 13.01.2010 LF1   303.69861 D285d 14507-10 25.06.2020 25.06.2020 No se presta

Powered by Koha